00395nam a2200169Ia 450000500170000000800410001702000180005804100080007608200180008410000130010224500250011526000330014030000090017350000150018265000150019770000130021220230202165416.0230125s9999 xx 000 0 und d a9780201409291 aeng a658.4092bBEN aBennis W aOn Becoming A Leader c1994bAddison WesleyaU.S.A. a217p aLeadership aLeadership aBennis W